[Event "DEM U10 2022"]
[Site "Willingen GER"]
[Date "2022.06.10"]
[Round "9"]
[White "Fischer, Quirin"]
[Black "Hepp, Daniel"]
[Result "0-1"]
[Termination "normal"]
[Board "4"]
[WhiteElo "1195"]
[BlackElo "1468"]
[WhiteClock "01:22:32"]
[BlackClock "00:50:39"]
[PlyCount "110"]
[WhiteFideId "34623787"]
[BlackFideId "34608567"]
[EventCountry "GER"]
[EventRounds "11"]
[EventType "swiss"]
[EventDate "2022.06.04"]

1. e4 {[%clk 01:15:59]} {[%emt 00:00:01]} c5 {[%clk 01:15:54]} {[%emt
00:00:06]} 2. d4 {[%clk 01:16:25]} {[%emt 00:00:04]} cxd4 {[%clk 01:16:13]}
{[%emt 00:00:11]} 3. c3 {[%clk 01:16:50]} {[%emt 00:00:06]} d3 {[%clk
01:16:25]} {[%emt 00:00:17]} 4. Bxd3 {[%clk 01:17:14]} {[%emt 00:00:07]} Nc6
{[%clk 01:16:26]} {[%emt 00:00:30]} 5. Nf3 {[%clk 01:17:37]} {[%emt 00:00:07]}
d6 {[%clk 01:16:26]} {[%emt 00:00:29]} 6. Bf4 {[%clk 01:17:38]} {[%emt
00:00:30]} Bg4 {[%clk 01:16:18]} {[%emt 00:00:39]} 7. Nbd2 {[%clk 01:17:55]}
{[%emt 00:00:13]} Nf6 {[%clk 01:16:05]} {[%emt 00:00:43]} 8. O-O {[%clk
01:18:09]} {[%emt 00:00:16]} g6 {[%clk 01:15:40]} {[%emt 00:00:54]} 9. h3
{[%clk 01:18:26]} {[%emt 00:00:13]} Bxf3 {[%clk 01:15:02]} {[%emt 00:01:09]}
10. Nxf3 {[%clk 01:18:49]} {[%emt 00:00:08]} Bg7 {[%clk 01:14:36]} {[%emt
00:00:55]} 11. Qd2 {[%clk 01:18:42]} {[%emt 00:00:38]} O-O {[%clk 01:14:20]}
{[%emt 00:00:45]} 12. Bh6 {[%clk 01:18:48]} {[%emt 00:00:24]} Qc7 {[%clk
01:13:01]} {[%emt 00:01:49]} 13. Bxg7 {[%clk 01:18:46]} {[%emt 00:00:32]} Kxg7
{[%clk 01:13:10]} {[%emt 00:00:22]} 14. Rfe1 {[%clk 01:18:45]} {[%emt
00:00:30]} Rad8 {[%clk 01:11:33]} {[%emt 00:02:07]} 15. c4 {[%clk 01:17:32]}
{[%emt 00:01:44]} Rd7 {[%clk 01:09:32]} {[%emt 00:02:31]} 16. Rad1 {[%clk
01:16:41]} {[%emt 00:01:21]} Rfd8 {[%clk 00:59:41]} {[%emt 00:10:21]} 17. Qc3
{[%clk 01:15:59]} {[%emt 00:01:11]} Ne5 {[%clk 00:55:02]} {[%emt 00:05:10]} 18.
Nxe5 {[%clk 01:15:18]} {[%emt 00:01:11]} dxe5 {[%clk 00:55:16]} {[%emt
00:00:17]} 19. Bc2 {[%clk 01:13:54]} {[%emt 00:01:54]} Rxd1 {[%clk 00:55:19]}
{[%emt 00:00:27]} 20. Rxd1 {[%clk 01:14:19]} {[%emt 00:00:04]} Rxd1+ {[%clk
00:55:40]} {[%emt 00:00:09]} 21. Bxd1 {[%clk 01:14:46]} {[%emt 00:00:03]} Nxe4
{[%clk 00:55:56]} {[%emt 00:00:14]} 22. Qd3 {[%clk 01:14:27]} {[%emt 00:00:49]}
Nf6 {[%clk 00:54:58]} {[%emt 00:01:27]} 23. b4 {[%clk 01:11:58]} {[%emt
00:02:58]} Qd6 {[%clk 00:54:58]} {[%emt 00:00:30]} 24. Qb1 {[%clk 01:12:23]}
{[%emt 00:00:05]} Qd4 {[%clk 00:51:46]} {[%emt 00:03:42]} 25. Qc2 {[%clk
01:11:58]} {[%emt 00:00:22]} Ne4 {[%clk 00:45:28]} {[%emt 00:07:22]} 26. a3
{[%clk 01:11:26]} {[%emt 00:01:02]} Nxf2 {[%clk 00:42:53]} {[%emt 00:03:03]}
27. Qxf2 {[%clk 01:11:54]} {[%emt 00:00:04]} Qxd1+ {[%clk 00:43:14]} {[%emt
00:00:09]} 28. Kh2 {[%clk 01:12:20]} {[%emt 00:00:04]} Qd4 {[%clk 00:42:23]}
{[%emt 00:01:22]} 29. Qf3 {[%clk 01:12:36]} {[%emt 00:00:14]} Qf4+ {[%clk
00:42:01]} {[%emt 00:00:52]} 30. Qxf4 {[%clk 01:12:50]} {[%emt 00:00:16]} exf4
{[%clk 00:42:26]} {[%emt 00:00:05]} 31. g3 {[%clk 01:13:13]} {[%emt 00:00:07]}
f3 {[%clk 00:42:24]} {[%emt 00:00:32]} 32. Kg1 {[%clk 01:13:39]} {[%emt
00:00:04]} e5 {[%clk 00:42:51]} {[%emt 00:00:04]} 33. Kf2 {[%clk 01:14:03]}
{[%emt 00:00:06]} e4 {[%clk 00:43:16]} {[%emt 00:00:05]} 34. c5 {[%clk
01:14:29]} {[%emt 00:00:04]} Kf8 {[%clk 00:43:43]} {[%emt 00:00:03]} 35. b5
{[%clk 01:14:52]} {[%emt 00:00:08]} Ke7 {[%clk 00:44:08]} {[%emt 00:00:05]} 36.
a4 {[%clk 01:15:17]} {[%emt 00:00:06]} Kd7 {[%clk 00:44:27]} {[%emt 00:00:11]}
37. a5 {[%clk 01:15:39]} {[%emt 00:00:07]} a6 {[%clk 00:44:22]} {[%emt
00:00:35]} 38. c6+ {[%clk 01:15:52]} {[%emt 00:00:17]} bxc6 {[%clk 00:44:44]}
{[%emt 00:00:07]} 39. b6 {[%clk 01:16:17]} {[%emt 00:00:05]} c5 {[%clk
00:45:09]} {[%emt 00:00:06]} 40. Ke3 {[%clk 01:16:41]} {[%emt 00:00:05]} c4
{[%clk 00:45:34]} {[%emt 00:00:05]} 41. Kxe4 {[%clk 01:17:05]} {[%emt
00:00:06]} f2 {[%clk 00:45:59]} {[%emt 00:00:05]} 42. Kd4 {[%clk 01:17:29]}
{[%emt 00:00:06]} f1=Q {[%clk 00:46:20]} {[%emt 00:00:08]} 43. b7 {[%clk
01:17:55]} {[%emt 00:00:05]} Kc7 {[%clk 00:46:45]} {[%emt 00:00:05]} 44. Ke5
{[%clk 01:18:21]} {[%emt 00:00:04]} Kxb7 {[%clk 00:47:10]} {[%emt 00:00:05]}
45. g4 {[%clk 01:18:46]} {[%emt 00:00:05]} Kc7 {[%clk 00:47:25]} {[%emt
00:00:15]} 46. g5 {[%clk 01:19:11]} {[%emt 00:00:05]} Qf5+ {[%clk 00:47:44]}
{[%emt 00:00:11]} 47. Kd4 {[%clk 01:19:38]} {[%emt 00:00:03]} Kd6 {[%clk
00:48:04]} {[%emt 00:00:09]} 48. h4 {[%clk 01:19:59]} {[%emt 00:00:09]} Qf4+
{[%clk 00:48:26]} {[%emt 00:00:09]} 49. Kc3 {[%clk 01:20:21]} {[%emt 00:00:08]}
Kc5 {[%clk 00:48:48]} {[%emt 00:00:08]} 50. h5 {[%clk 01:20:44]} {[%emt
00:00:07]} Qf3+ {[%clk 00:49:12]} {[%emt 00:00:06]} 51. Kc2 {[%clk 01:21:08]}
{[%emt 00:00:06]} Kb4 {[%clk 00:49:36]} {[%emt 00:00:06]} 52. hxg6 {[%clk
01:21:29]} {[%emt 00:00:09]} Qd3+ {[%clk 00:49:50]} {[%emt 00:00:15]} 53. Kb2
{[%clk 01:21:54]} {[%emt 00:00:06]} Qd2+ {[%clk 00:50:12]} {[%emt 00:00:09]}
54. Ka1 {[%clk 01:22:19]} {[%emt 00:00:04]} Kb3 {[%clk 00:50:39]} {[%emt
00:00:03]} 55. gxh7 {[%clk 01:22:32]} {[%emt 00:00:17]} Qc1# {[%emt 00:00:04]}
0-1

[Event "DEM U10 2022"]
[Site "Willingen GER"]
[Date "2022.06.10"]
[Round "9"]
[White "Lee, Ho In"]
[Black "Thoms, Eric"]
[Result "1-0"]
[Termination "normal"]
[Board "12"]
[WhiteElo "1396"]
[BlackElo "1219"]
[WhiteClock "00:05:24"]
[BlackClock "00:43:12"]
[PlyCount "101"]
[WhiteFideId "34623655"]
[BlackFideId "34623450"]
[EventCountry "GER"]
[EventRounds "11"]
[EventType "swiss"]
[EventDate "2022.06.04"]

1. e4 {[%clk 01:15:56]} {[%emt 00:00:03]} e5 {[%clk 01:15:54]} {[%emt
00:00:07]} 2. Nf3 {[%clk 01:16:20]} {[%emt 00:00:06]} Nc6 {[%clk 01:16:17]}
{[%emt 00:00:07]} 3. Bc4 {[%clk 01:16:28]} {[%emt 00:00:21]} Nf6 {[%clk
01:16:39]} {[%emt 00:00:09]} 4. Ng5 {[%clk 01:16:30]} {[%emt 00:00:28]} d5
{[%clk 01:16:59]} {[%emt 00:00:10]} 5. exd5 {[%clk 01:16:28]} {[%emt 00:00:32]}
Na5 {[%clk 01:17:20]} {[%emt 00:00:09]} 6. Bb5+ {[%clk 01:16:32]} {[%emt
00:00:26]} c6 {[%clk 01:17:42]} {[%emt 00:00:09]} 7. dxc6 {[%clk 01:16:43]}
{[%emt 00:00:18]} bxc6 {[%clk 01:17:58]} {[%emt 00:00:14]} 8. Be2 {[%clk
01:16:23]} {[%emt 00:00:50]} h6 {[%clk 01:17:58]} {[%emt 00:00:30]} 9. Nf3
{[%clk 01:16:28]} {[%emt 00:00:25]} e4 {[%clk 01:18:07]} {[%emt 00:00:21]} 10.
Ne5 {[%clk 01:16:36]} {[%emt 00:00:21]} Bd6 {[%clk 01:18:15]} {[%emt 00:00:22]}
11. d4 {[%clk 01:16:30]} {[%emt 00:00:37]} exd3 {[%clk 01:18:24]} {[%emt
00:00:21]} 12. Nxd3 {[%clk 01:16:42]} {[%emt 00:00:18]} O-O {[%clk 01:18:12]}
{[%emt 00:00:42]} 13. O-O {[%emt 00:01:14]} Qc7 {[%clk 01:17:42]} {[%emt
00:00:51]} 14. h3 {[%clk 01:16:02]} {[%emt 00:00:36]} c5 {[%clk 01:17:44]}
{[%emt 00:00:28]} 15. Nc3 {[%clk 01:11:01]} {[%emt 00:05:28]} Bd7 {[%clk
01:17:02]} {[%emt 00:01:14]} 16. Ne1 {[%clk 01:09:54]} {[%emt 00:01:37]} Rad8
{[%clk 01:15:52]} {[%emt 00:01:40]} 17. Bd2 {[%clk 01:07:11]} {[%emt 00:03:12]}
Rfe8 {[%clk 01:14:02]} {[%emt 00:02:21]} 18. Nb5 {[%clk 01:06:05]} {[%emt
00:01:36]} Bxb5 {[%clk 01:14:09]} {[%emt 00:00:22]} 19. Bxb5 {[%clk 01:06:02]}
{[%emt 00:00:34]} Re7 {[%clk 01:13:24]} {[%emt 00:01:15]} 20. Nf3 {[%clk
01:02:13]} {[%emt 00:04:19]} Nc6 {[%clk 01:10:23]} {[%emt 00:03:31]} 21. Re1
{[%clk 00:51:50]} {[%emt 00:10:52]} Red7 {[%clk 01:10:18]} {[%emt 00:00:36]}
22. Qe2 {[%clk 00:43:30]} {[%emt 00:08:50]} Re7 {[%clk 01:07:57]} {[%emt
00:02:51]} 23. Qc4 {[%clk 00:39:17]} {[%emt 00:04:42]} Ne5 {[%clk 01:03:24]}
{[%emt 00:05:03]} 24. Nxe5 {[%clk 00:38:08]} {[%emt 00:01:40]} Rxe5 {[%clk
01:03:13]} {[%emt 00:00:42]} 25. Rxe5 {[%clk 00:35:03]} {[%emt 00:03:35]} Bxe5
{[%clk 01:03:25]} {[%emt 00:00:18]} 26. Bc3 {[%clk 00:34:37]} {[%emt 00:00:56]}
Bxc3 {[%clk 01:02:29]} {[%emt 00:01:25]} 27. Qxc3 {[%clk 00:34:53]} {[%emt
00:00:13]} Ne4 {[%clk 01:01:45]} {[%emt 00:01:13]} 28. Qe3 {[%clk 00:33:40]}
{[%emt 00:01:43]} Nd6 {[%clk 01:00:53]} {[%emt 00:01:23]} 29. Ba4 {[%clk
00:30:29]} {[%emt 00:03:38]} Nc4 {[%clk 00:59:55]} {[%emt 00:01:31]} 30. Qc3
{[%clk 00:29:56]} {[%emt 00:01:01]} Nb6 {[%clk 00:59:30]} {[%emt 00:00:56]} 31.
Bb5 {[%clk 00:28:23]} {[%emt 00:02:02]} Nd5 {[%clk 00:59:05]} {[%emt 00:00:58]}
32. Qb3 {[%clk 00:24:51]} {[%emt 00:04:02]} Qe5 {[%clk 00:55:04]} {[%emt
00:04:30]} 33. Bc4 {[%clk 00:23:03]} {[%emt 00:02:18]} Nf4 {[%clk 00:54:06]}
{[%emt 00:01:27]} 34. Qb7 {[%clk 00:12:15]} {[%emt 00:11:19]} Rf8 {[%clk
00:51:18]} {[%emt 00:03:18]} 35. Rd1 {[%clk 00:07:21]} {[%emt 00:05:23]} Qf5
{[%clk 00:48:59]} {[%emt 00:02:49]} 36. Bd3 {[%clk 00:05:52]} {[%emt 00:02:00]}
Nxd3 {[%clk 00:48:10]} {[%emt 00:01:19]} 37. Rxd3 {[%clk 00:05:59]} {[%emt
00:00:23]} Re8 {[%clk 00:47:56]} {[%emt 00:00:44]} 38. Rf3 {[%clk 00:03:08]}
{[%emt 00:03:20]} Re1+ {[%clk 00:44:57]} {[%emt 00:03:30]} 39. Kh2 {[%clk
00:03:16]} {[%emt 00:00:22]} Qg6 {[%clk 00:44:17]} {[%emt 00:01:09]} 40. Qc8+
{[%clk 00:03:21]} {[%emt 00:00:26]} Kh7 {[%clk 00:44:32]} {[%emt 00:00:15]} 41.
Qf5 {[%clk 00:03:40]} {[%emt 00:00:11]} Re2 {[%clk 00:43:34]} {[%emt 00:01:28]}
42. Qxg6+ {[%emt 00:01:33]} fxg6 {[%clk 00:43:47]} {[%emt 00:00:14]} 43. Rc3
{[%clk 00:02:43]} {[%emt 00:00:26]} Rxf2 {[%clk 00:44:05]} {[%emt 00:00:13]}
44. Rxc5 {[%clk 00:03:05]} {[%emt 00:00:09]} g5 {[%clk 00:43:31]} {[%emt
00:01:03]} 45. Rc7 {[%clk 00:03:27]} {[%emt 00:00:08]} a5 {[%clk 00:43:45]}
{[%emt 00:00:16]} 46. a4 {[%clk 00:03:43]} {[%emt 00:00:14]} Rf4 {[%clk
00:43:53]} {[%emt 00:00:21]} 47. b3 {[%clk 00:04:03]} {[%emt 00:00:11]} Rf5
{[%clk 00:44:04]} {[%emt 00:00:19]} 48. c4 {[%clk 00:04:21]} {[%emt 00:00:13]}
Re5 {[%clk 00:43:43]} {[%emt 00:00:50]} 49. Rb7 {[%clk 00:04:39]} {[%emt
00:00:12]} Rc5 {[%clk 00:43:51]} {[%emt 00:00:21]} 50. Rb5 {[%clk 00:05:02]}
{[%emt 00:00:07]} Rc6 {[%clk 00:43:12]} {[%emt 00:01:09]} 51. Rxa5 {[%clk
00:05:24]} {[%emt 00:00:09]} 1-0

[Event "DEM U10 2022"]
[Site "Willingen GER"]
[Date "2022.06.10"]
[Round "9"]
[White "Meurer, Knut"]
[Black "Wetzig, Karl Anton"]
[Result "0-1"]
[Termination "normal"]
[Board "28"]
[WhiteElo "998"]
[BlackElo "884"]
[PlyCount "66"]
[WhiteFideId "34623604"]
[BlackFideId "34623442"]
[EventCountry "GER"]
[EventRounds "11"]
[EventType "swiss"]
[EventDate "2022.06.04"]

{[%evp 0,66,19,31,19,-10,18,6,35,24,36,8,22,57,62,56,93,86,81,60,89,84,105,75,
60,7,-3,7,7,-56,-45,-27,-26,-28,-29,-57,-36,-47,5,-38,-69,-78,-47,-143,61,37,
105,0,0,-454,-487,-487,-493,-492,-492,-678,-607,-521,-878,-29985,-29986,-29987,
-531,-29991,-29992,-29999,-29998,-29999,-30000]} 1. d4 d5 2. c4 c6 3. Nc3 e6 4.
Nf3 Nf6 5. Bf4 Bb4 6. e3 O-O 7. Bd3 Re8 8. O-O Nbd7 9. Ne5 a6 10. a3 Ba5 11.
Nxd7 Bxd7 12. Bg5 h6 13. Bxf6 Qxf6 14. Bb1 e5 15. cxd5 Bxc3 16. bxc3 cxd5 17.
Qc2 g6 18. Qb3 Qg5 19. g3 Bh3 20. Re1 Qf6 21. Qxd5 Rab8 22. Bc2 b6 23. a4 Rbd8
24. Qc4 Qf3 25. Be4 Qxe4 26. f3 Qxf3 27. Re2 Rc8 28. Qxa6 Rxc3 29. Qb5 Rec8 30.
Qb2 Rb3 31. Qxb3 Qxe2 32. Ra2 Rc1+ 33. Qd1 Rxd1# 0-1